Statistics for Jacksepticeye quiz

Click here to take the quiz!

General Stats

  • This quiz has been taken 359 times
  • The average score is 5 of 24

Answer Stats

HintAnswer% Correct
SCREW YOU BILLYHappy Wheels
96%
GoatsGoat Simulator
59%
SkateboardingSkate 3
57%
The slice of breadI am Bread
52%
Steal CarsGTA V
38%
To Space!!!Kerbal Space Program
28%
Cartman is the KingSouth Park: The Stick of Truth
26%
Steve McBossSims 4
25%
Get out of jailThe Escapists
20%
Stuck in the oceanStranded Deep
19%
EUNICEBully
15%
Destroy with a boulderRock of Ages
8%
Pizza Security GuyFive Nights at Freddies
7%
Fan created gameJackventure
7%
The Annoying RobotCleverbot Evie
6%
Portal 2 ModAperture Tag
3%
BossatroniansSpore
3%
Math=Not Jacks StrongsuitGeometry Dash
2%
The Human in a Robot WorldJazzpunk
2%
TakedownsNext Car Game
2%
Slingshots!Pain
2%
Frustrating BMX GameTrials Fusion
2%
The Greek WarriorApatheon
1%
Build CastlesMedival Engineers
0%

Score Distribution

Percentile by Number Answered

Percent of People with Each Score

Your Score History

You have not taken this quiz